000 00601nam a2200229Ia 4500
008 180523s9999 xx 000 0 und d
020 _a1-59257-396-7
050 _aMAIN HF 6146.I58
050 _b.T39 2005
100 _aTaylor, Dave.
245 4 _aThe Complete idiot's guide to growing your business with google /
245 0 _cDave Taylor.
260 _aIndiana :
260 _bAlpha Books,
260 _c2005
300 _a324 pages :
300 _billustrations ;
300 _c23 cm.
500 _aIncludes index.
650 _aInternet advertising.
650 _xGoogle (Firm).
999 _c357243
_d357243